Catalog

Record Details

Catalog Search



Zakázané holky  Cover Image Book Book

Zakázané holky / Hana Bořkovcová

Record details

  • ISBN: 80-00-00216-7
  • Physical Description: 205 s. ; 21 cm
  • Edition: 1. vyd.
  • Publisher: Praha : Albatros, 1995

Content descriptions

General Note:
Vazba Luboš Šedivý ; graf. úprava Oleg Man
Target Audience Note:
Pro čtenáře od 11 let
Genre: české romány
publikace pro mládež
Czech fiction
juvenile literature

Available copies

  • 1 of 1 copy available at Common Catalog SPOK.

Holds

  • 0 current holds with 1 total copy.
Show All Copies
Location Call Number / Copy Notes Barcode Shelving Location Status Due Date
The Jewish community of Prague K 1934 4638301755 K - Beletrie Available -

Electronic resources

Version of Resource: Digitalizovaný dokument


LDR 01533nam a2200421 4500
00153594
003CZ-PrJAB
00520111125094152.0
007tu
008950315s1995 xr c 000 f cze
015 . ‡acnb000104274
020 . ‡a80-00-00216-7 ‡q(váz.) : ‡cKč 76,00 (pro členy KMČ Kč 65,00)
035 . ‡a(CZ PrNK)np9538979
035 . ‡a(OCoLC)35072494
040 . ‡aABA001 ‡bcze
072 7. ‡a821.162.3-3 ‡xČeská próza ‡2Konspekt ‡925
072 7. ‡a821-93 ‡xLiteratura pro děti a mládež (beletrie) ‡2Konspekt ‡926
080 . ‡a821.162.3-31 ‡2MRF
080 . ‡a821-93 ‡2MRF
080 . ‡a(0:82-31) ‡2MRF
1001 . ‡aBořkovcová, Hana, ‡d1927-2009 ‡7jk01012732 ‡4aut
24510. ‡aZakázané holky / ‡cHana Bořkovcová
250 . ‡a1. vyd.
260 . ‡aPraha : ‡bAlbatros, ‡c1995 ‡e(Český Těšín : ‡fTěšínská tiskárna)
300 . ‡a205 s. ; ‡c21 cm
4901 . ‡aKlub mladých čtenářů
500 . ‡aVazba Luboš Šedivý ; graf. úprava Oleg Man
521 . ‡aPro čtenáře od 11 let
655 7. ‡ačeské romány ‡7fd133974 ‡2czenas
655 7. ‡apublikace pro mládež ‡7fd133157 ‡2czenas
655 9. ‡aCzech fiction ‡2eczenas
655 9. ‡ajuvenile literature ‡2eczenas
7001 . ‡aŠedivý, Lubomír, ‡d1955- ‡7jn99240001631 ‡4bdd
7001 . ‡aMan, Oleg, ‡d1956- ‡7jx20040720080 ‡4art
830 0. ‡aKlub mladých čtenářů (Albatros)
85641. ‡uhttp://krameriusndk.nkp.cz/search/handle/uuid:f980f810-2cf7-11e3-8d9d-005056827e51 ‡yDigitalizovaný dokument
910 . ‡aABE461
995 . ‡aska
901 . ‡a53594 ‡bAUTOGEN ‡c53594 ‡tbiblio

Additional Resources